000 00263 a2200109 4500
001 45870
082 _a621.433TRE
090 _c28969
_d28969
100 _aTreager Irwin E
245 _aAircraft gas turbine engine technology
260 _aNew York
_bMcGraw-Hill
942 _aNUST-CAE
_k621.433TRE
999 _c280943
_d280943